Ekonomičeskaja složnosť respubliky Kazachstan
Štruktúra exportu Kazachstanu a jej zameranie na tovar s nízkou pridanou hodnotou, ktorá sa následne prejavuje v nízkej úrovni komplexnosti a konkurencieschopnosti ekonomiky štátu. Index ekonomickej komplexnosti (ECI) Kazachstanu a väčšiny rozvinutých krajín.
Salvato in:
| Autore principale: | |
|---|---|
| Natura: | Capitolo di libro |
| Lingua: | russo |
| Soggetti: | |
| Tags: |
Nessun Tag, puoi essere il primo ad aggiungerne!!
|
MARC
| LEADER | 00000naa$a2200000$$$4500 | ||
|---|---|---|---|
| 001 | 0279368 | ||
| 005 | 20240502083848.6 | ||
| 041 | 0 | |a rus | |
| 044 | |a RU | ||
| 245 | 1 | 0 | |a Ekonomičeskaja složnosť respubliky Kazachstan |c Andrianna Baleha |
| 520 | |a Štruktúra exportu Kazachstanu a jej zameranie na tovar s nízkou pridanou hodnotou, ktorá sa následne prejavuje v nízkej úrovni komplexnosti a konkurencieschopnosti ekonomiky štátu. Index ekonomickej komplexnosti (ECI) Kazachstanu a väčšiny rozvinutých krajín. | ||
| 610 | 2 | 0 | |a diverzifikácia |
| 610 | 2 | 0 | |a vývoz |
| 610 | 2 | 0 | |a tovar |
| 610 | 2 | 0 | |a konkurencieschopnosť |
| 610 | 2 | 0 | |a indexy |
| 610 | 2 | 0 | |a Kazachstan |
| 100 | 1 | |a Baleha, Andrianna, 1990- | |